000 01886nam0a22003131 4500
001 rc\2815212
005 20250805160813.4
035 _a(NLR Aleph) 006940983
090 _a7639938
_c7639938
100 _a20110915d1945 |||y0rusy50 ca
101 0 _arus
102 _aRU
105 _ay z |||||
200 1 _aО появлении огнестрельного оружия на Руси
_e[Тезисы доклада]
_fПроф. В. В. Мавродин
_gЛенингр. гос. ордена Ленина ун-т
210 _a[Ленинград]
_cтип. ЛГУ
_d[1945]
215 _a14 с., без обл. и тит. л.
_d15 см.
327 0 _aВ кн. также: доц. Д. П. Калистов. История Боспора в свете общих проблем раннего периода истории народов СССР. [Тезисы доклада]. Доц. В. Г. Брюнин. Воен. и полит. положение Германии накануне капитуляции в 1918 г. (Окт. 1918 г.) [Тезисы доклада]
464 0 _12000#$aИстория Боспора в свете общих проблем раннего периода истории народов СССР$fДоц. Д. П. Калистов
464 0 _12000#$aВоенное и политическое положение Германии накануне капитуляции в 1918 г. (Октябрь 1918 г.)$fДоц. В. Г. Брюнин
700 1 _aМавродин
_bВ. В.
_f1908-1987
_gВладимир Васильевич
702 1 _aКалистов
_bД. П.
_4570
702 1 _aБрюнин
_bВ. Г.
_4570
801 0 _aRU
_bNLR
_gpsbo
801 1 _aRU
_bELAR
_2rusmarc
852 _aNLR
_jПр50 Г-3/3-126
942 _cBOOK
945 _aРоссийская национальная библиотека
980 _aNB
980 _aBV